Câu hỏi phi chính danh trong hội thoại tiếng Anh = Non-genuine questions in english dialogues /
Сохранить в:
| Главный автор: | |
|---|---|
| Формат: | Статья |
| Язык: | Vietnamese |
| Предметы: | |
| Метки: |
Добавить метку
Нет меток, Требуется 1-ая метка записи!
|
| Thư viện lưu trữ: | Thư viện Trường Đại học Đà Lạt |
|---|
| LEADER | 00829nam a2200265 4500 | ||
|---|---|---|---|
| 001 | DLU140161995 | ||
| 005 | ##20140606 | ||
| 040 | # | # | |a DLU |b vie |
| 041 | # | # | |a vie |
| 044 | # | # | |a vn |
| 100 | # | # | |a Tô Minh Thanh, |c TS. |
| 245 | # | # | |a Câu hỏi phi chính danh trong hội thoại tiếng Anh = |b Non-genuine questions in english dialogues / |c Tô Minh Thanh |
| 246 | # | # | |a Non-genuine questions in english dialogues |
| 653 | # | # | |a Hội thoại |
| 653 | # | # | |a Tiếng Anh. |
| 773 | # | # | |t Ngôn ngữ & đời sống |g Số 5 (199), 2012, tr. 18-23 |
| 920 | # | # | |a Phòng Tạp chí -- Trung tâm Thông tin - Thư viện Trường Đại học Đà Lạt |
| 994 | # | # | |a DLU |
| 900 | # | # | |a True |
| 911 | # | # | |a Nguyễn Thị Tưởng |
| 925 | # | # | |a G |
| 926 | # | # | |a A |
| 927 | # | # | |a BB |
| 980 | # | # | |a Thư viện Trường Đại học Đà Lạt |